| 000 | 00000nam##2200000za#4500 |
| 001 | 9.603982 |
| 003 | CaOODSP |
| 005 | 20210624211338 |
| 007 | cr ||||||||||| |
| 008 | 150406|1990||||xxc|||||o f|0| 0 fre|d |
| 022 | |a1488-545X |
| 040 | |aCaOODSP|bfre |
| 043 | |an-cn--- |
| 086 | 1 |aFs97-6/1744F-PDF |
| 110 | 1 |aCanada.|bMinistère des pêches et des océans.|bDirection de la gestion de l'habitat du poisson. |
| 245 | 13|aLe système intégré d'information pour la gestion de l'habitat du poisson (SIIGHP) de la région du Québec : |h[ressource électronique]|bétat du système après la première phase de développement / |c[par] Y. Vigneault. |
| 260 | |aQuébec - Québec : |bPêches et Océans Canada. |cJuin 1990. |
| 300 | |a48p.|bfigures, cartes, références, tableaux |
| 490 | 1 |aRapport technique canadien des sciences halieutiques et aquatiques|x1488-545X|vN° 1744 |
| 500 | |aLe n° de catalogue (Fs97-6/1744F) et l'ISSN (0706-6570) de l'édition imprimée ont été incorrectement copiés dans l'édition électronique. |
| 546 | |a(Abstract in English) |
| 590 | |a12-23-Supp|b2012-05-28 |
| 720 | 1 |aVigneault, Y. |
| 775 | 08|tIntegrated Information System for Fish Habitat Management (IISFHM) in the Quebec region : |w(CaOODSP)9.573752 |
| 830 | #0|aRapport technique canadien des sciences halieutiques et aquatiques,|x1488-545X|vN° 1744|w(CaOODSP)9.500867 |
| 856 | 40|ahttp://publications.gc.ca|qPDF|s1.70 Mo|uhttps://publications.gc.ca/collections/collection_2012/mpo-dfo/Fs97-6-1744-fra.pdf|yN° 1744 |